000 00455nam a2200157Ia 4500
008 210210b1970 xxu||||| |||| 00| 0 eng d
082 _a030 ENCY
100 _aENCYCLOPAEDIA BRITANICA
245 _aENCYCLOPAEDIA BRITANICA. (Plastics to Razin) Vol 18.
260 _aChicago.
_bEncyclopaedia Britanica, Inc, William Benton.,
_c1970
300 _a1197
440 _a18
650 _aEncyclopaedia Britanica
690 _aEncyclopaedia
906 _a028532
999 _c79775
_d79775